| 000 | 01231nam a22002537a 4500 | ||
|---|---|---|---|
| 999 |
_c22644 _d22644 |
||
| 003 | AR-CdUCM | ||
| 008 | 190427b ||||| |||| 00| 0 spa d | ||
| 020 | _a9786124294259 | ||
| 040 |
_aMUNICIPALIDAD PROVINCIAL DEL CUSCO _cBIBLIOTECA MUNICIPAL DEL CUSCO |
||
| 082 |
_a828.78/S46 _bS46 |
||
| 100 |
_aShelley, Percy Bysshe _96707 |
||
| 245 |
_aPrometeo libertado / _cPercy Bysshe Shelley ; estudio y traducción en el mismo número de versos que el original por Ricardo Silva-Santisteban ; ilustraciones de John Farleigh |
||
| 260 |
_aLima : _bAlastor Editores, _c2021. |
||
| 300 |
_a281 páginas: _bilustraciones en color, retrato ; _c25 cm. |
||
| 440 |
_aLa fuente escondida ; _n30 _948740 |
||
| 500 |
_aEl Prometeo libertado de Percy Bysshe Shelley : desarrollo literario de un mito y estudio del poema: páginas 11 (sin numerar)-110.
"Proyecto ganador de Estímulos Económicos para la Cultura 2020"---Cubierta posterior. _zBibliografía: páginas 257-279. |
||
| 650 |
_aPoesías inglesas _921664 |
||
| 650 |
_aSiglo XIX _948741 |
||
| 650 |
_aTraducciones al español _91053 |
||
| 700 |
_aSilva Santisteban, Ricardo _etraductor _91706 |
||
| 700 |
_aFarleigh, John _eilustrador _948742 |
||
| 942 |
_2ddc _cLIBROS |
||
| 945 | _arac | ||